000 01802nam a2200385 i 4500
001 10317
003 ES-MaACL
005 20250731063016.0
007 t|
008 950504s1993 sp ||||1| spa d
017 _aM 22886-1993
020 _a84-7100-379-1
080 _a321.18(8=60)"18"
080 _a98(=60)"18"
100 1 _aLynch, John,
_d1927-2018
_eaut
_974938
245 1 0 _aCaudillos en Hispanoamérica 1800-1850 /
_cJohn Lynch ; [traducción de Martín Rasskin Gutman]
260 _aMadrid :
_bMAPFRE,
_c[1993]
300 _a569 páginas :
_bmapas ;
_c23 cm
490 1 _aColección América 92 ;
_v13
500 _aÍndices
504 _aBibliografía: páginas [539]-557
505 _aEstructuras caudillares: Precursores y premoniciones; La independencia: cantera de caudillos; Los nuevos dirigentes; Caudillismo y Estado-Nación; El gendarme necesario; Carreras caudillares: Juan Manuel de Rosas: Argentina, 1829-1852; José Antonio Páez: Venezuela, 1830-1850; Antonio López de Santa Anna: México, 1821-1855; Rafael Carrera: Guatemala, 1837-1865; La tradición de los caudillos en Hispanoamérica
530 _aDisponible en formato digital
534 _aTraducción de: Caudillos en el mundo hispánico
650 4 _aDictadores-
_zAmérica Latina
_911877
651 4 _aAmérica Latina-
_xHistoria-
_yS.XIX
_9138934
700 1 _9241450
_aRasskin Gutman, Martín
_etrl
710 2 _aFundación MAPFRE
_eedt
_94362
830 0 0 _aColección América 92
_v13
_9178984
852 4 _aES-MaACL
_bR.123043
_cDEPO2
_jL-17812
856 _uhttps://archive.org/details/lynch-john.-caudillos-en-hispanoamerica-1800-1850-1993
_yVersión en línea
_z(Internet Archive)
942 _2udc
_cMONOGRAFIA
_n0
999 _c10317
_d10317